| 000 | 01458nam0a2200301 4500 | ||
|---|---|---|---|
| 001 | RU\NLR\bibl\315278 | ||
| 005 | 20260405155804.0 | ||
| 010 |
_a5-7007-0120-0 _9300 |
||
| 035 | _a(NLR Aleph) 000310370 | ||
| 090 |
_a34444 _c34444 |
||
| 100 | _a20021007d2000 u y0rusy50 ca | ||
| 101 | 0 | _arus | |
| 102 | _aRU | ||
| 105 | _aa ||||||||| | ||
| 200 | 1 |
_aАнализ изменений свойств почвы по изменению их статистического распределения _eМетод. рекомендации _fИ.В. Михеева, Е.Д. Кузьмина _gРос. акад. наук. Сиб. отд-ние, Ин-т почвоведения и агрохимии |
|
| 210 |
_aНовосибирск _cЦЭРИС _d2000 |
||
| 215 |
_a22 с. _cграф. _d20 |
||
| 320 | _aБиблиогр.: с. 21 | ||
| 606 | 0 |
_aПочвы _jМетодические пособия _xФизико-химические свойства _xИсследования _xСтатистические методы _91946277 _3RU\NLR\auth\66889857 |
|
| 686 | _aП032.4в647я8 | ||
| 700 | 1 |
_aМихеева _bИ. В. _gИрина Викторовна _4070 |
|
| 701 | 1 |
_4070 _8rus _7ca _aКузьмина _bЕ. Д. _cканд. биол. наук _gЕкатерина Дмитриевна _3RU\NLR\auth\7766530 _949458 |
|
| 801 | 0 |
_aRU _bNLR _c20021007 _gPSBO |
|
| 801 | 1 |
_aRU _bNLR _c20021007 |
|
| 830 | _aАвт. по кн | ||
| 942 | _cBOOK | ||
| 980 | _aNB | ||